000
00410nam a22001337a 4500
020
_a
0851107905
082
_a
302.2308
100
_a
David Porter
245
_a
User's guide to the media
260
_a
England
_b
Inter varsity press
_c
1988
300
_a
94p
942
_c
BK
999
_c
2786
_d
2786